Modeling of Steelmaking Processes / (Record no. 13731)
[ view plain ]
| 000 -LEADER | |
|---|---|
| fixed length control field | 01219cam a2200301 a 4500 |
| 001 - CONTROL NUMBER | |
| control field | 15769984 |
| 005 - DATE AND TIME OF LATEST TRANSACTION | |
| control field | 20100129081410.0 |
| 008 - FIXED-LENGTH DATA ELEMENTS--GENERAL INFORMATION | |
| fixed length control field | 090610s2010 flua |rb 001 0 eng |
| 010 ## - LIBRARY OF CONGRESS CONTROL NUMBER | |
| LC control number | 2009021688 |
| 015 ## - NATIONAL BIBLIOGRAPHY NUMBER | |
| National bibliography number | GBA947896 |
| Source | bnb |
| 016 7# - NATIONAL BIBLIOGRAPHIC AGENCY CONTROL NUMBER | |
| Record control number | 015181669 |
| Source | Uk |
| 020 ## - INTERNATIONAL STANDARD BOOK NUMBER | |
| International Standard Book Number | 9781420062434 (hard back : alk. paper) |
| 035 ## - SYSTEM CONTROL NUMBER | |
| System control number | (OCoLC)ocn154683847 |
| 040 ## - CATALOGING SOURCE | |
| Original cataloging agency | DLC |
| Transcribing agency | DLC |
| Modifying agency | YDX |
| -- | BTCTA |
| -- | BAKER |
| -- | OCLNG |
| -- | YDXCP |
| -- | UKM |
| -- | CDX |
| -- | DLC |
| 050 00 - LIBRARY OF CONGRESS CALL NUMBER | |
| Classification number | TN731 |
| Item number | .M373 2010 |
| 082 00 - DEWEY DECIMAL CLASSIFICATION NUMBER | |
| Classification number | 669.142 |
| Edition number | 22 |
| Item number | MAZ |
| 100 1# - MAIN ENTRY--PERSONAL NAME | |
| Personal name | Mazumdar, Dipak, |
| Dates associated with a name | 1932- |
| 9 (RLIN) | 12888 |
| 245 10 - TITLE STATEMENT | |
| Title | Modeling of Steelmaking Processes / |
| Statement of responsibility, etc | Dipak Mazumdar, James W. Evans. |
| 260 ## - PUBLICATION, DISTRIBUTION, ETC. (IMPRINT) | |
| Place of publication, distribution, etc | Boca Raton, FL : |
| Name of publisher, distributor, etc | CRC Press, 2010 |
| Date of publication, distribution, etc | c2010. |
| 300 ## - PHYSICAL DESCRIPTION | |
| Extent | xxix, 463 p. : |
| Other physical details | ill. ; |
| Dimensions | 25 cm. |
| 500 ## - GENERAL NOTE | |
| General note | "A CRC title." |
| 504 ## - BIBLIOGRAPHY, ETC. NOTE | |
| Bibliography, etc | Includes bibliographical references and index. |
| 650 #0 - SUBJECT ADDED ENTRY--TOPICAL TERM | |
| Topical term or geographic name as entry element | Steel |
| General subdivision | Metallurgy |
| -- | Mathematical models. |
| 9 (RLIN) | 12889 |
| 700 1# - ADDED ENTRY--PERSONAL NAME | |
| Personal name | Evans, James W., |
| Dates associated with a name | 1943- |
| 9 (RLIN) | 12890 |
| 942 ## - ADDED ENTRY ELEMENTS (KOHA) | |
| Source of classification or shelving scheme | Dewey Decimal Classification |
| Item type | Book - Borrowing |
| Withdrawn status | Item status | Source of classification or shelving scheme | Damaged status | Not for loan | Vendor | Home library | Current library | Shelving location | Date acquired | Source of acquisition | Cost, normal purchase price | Serial Enumeration / chronology | Total Checkouts | Total Renewals | Full call number | Barcode | Date last seen | Date last borrowed | Koha item type |
|---|---|---|---|---|---|---|---|---|---|---|---|---|---|---|---|---|---|---|---|
| Dewey Decimal Classification | Alahram | Central Library | Central Library | First floor | 17/03/2010 | 943.50 | 36 | 1 | 23 | 669.142 MAZ | 000020295 | 15/07/2025 | 30/09/2015 | Book - Borrowing |